Counties with Largest Percentage of State's Population - Statistics

General Stats
  • This quiz has been taken 34 times
  • The average score is 8 of 10
Answer Stats
State State Population County Population Percentage Answer % Correct
Illinois 12,882,135 5,240,700 40.7% Cook
100%
Rhode Island 1,051,511 628,323 59.8% Providence
96%
Hawaii 1,404,054 983,429 70% Honolulu
93%
Utah 2,900,872 1,063,842 36.7% Salt Lake
93%
Alaska 735,132 300,950 40.9% Anchorage
89%
Nevada 2,790,136 2,027,868 72.7% Clark
86%
Arizona 6,626,624 4,009,412 60.5% Maricopa
86%
Delaware 925,749 549,684 59.4% New Castle
61%
New Mexico 2,085,287 673,460 32.3% Bernalillo
54%
New Hampshire 1,323,459 402,922 30.4% Hillsborough
43%
No matching quizzes found
Score Distribution
Percent of People with Each Score
Percentile by Number Answered
Your Score History
You have not taken this quiz